Využívanie informačného systému v konkrétnom výrobnom podniku bakalárska práca

Saved in:
Bibliographic Details
Main Author: Voška, Arthur
Corporate Author: Fakulta podnikového manažmentu EU. Katedra informačného manažmentu
Other Authors: Zelina, Michal, 1981-
Format: Book
Language:Slovak
Published: Bratislava 2023
Tags: Add Tag
No Tags, Be the first to tag this record!

MARC

LEADER 00000nbm a2200000 4500
001 0293543
005 20240531083910.5
041 0 |a slo 
044 |a SK 
245 1 0 |a Využívanie informačného systému v konkrétnom výrobnom podniku  |b bakalárska práca  |c Arthur Voška ; školiteľ: Michal Zelina 
264 1 |a Bratislava  |c 2023 
300 |a 47 s. 
100 1 |a Voška, Arthur 
700 1 |a Zelina, Michal, 1981- 
710 2 |a Fakulta podnikového manažmentu EU. Katedra informačného manažmentu